Statistiques concernant Focus sur: Kreattur - Harry Potter

Cliquez ici pour prendre le quiz!

Statistiques générales

  • Ce quiz a été pris 198 fois
  • Le résultat moyen est 6 sur 6

Statistiques - réponses

Informations recherchéesRéponses% Correct
Ecole dans laquelle il a travailléPoudlard
100%
EspèceElfe de maison
99%
Famille servie (initialement)Black
98%
Lieu de rencontre avec Harry Potter12 square Grimmaurd
95%
Première apparitionHarry Potter et l'Ordre du Phénix
95%
Emploi dans cette écoleCuisine
92%

Distribution des résultats

Percentile par nombre de réponses

% des personnes avec chaque résultat

Votre développement - résultats

Vous n’avez pas pris ce quiz